000
00273nam a2200109Ia 4500
008
231219s9999 xx 000 0 und d
041
_a
eng
100
_a
Khrapkov.
245
_a
Problems in Quantitative Analysis.
260
_b
MIR Publishar Moscow.
650
_a
Management
999
_c
974471
_d
974471